ბათუმის შოთა რუსთაველის სახელმწიფო უნივერსიტეტის ბიბლიოთეკა

ეკონომიკა და სოციალური დემოკრატია / (ბიბ.ჩანაწერი № 58612)

000 -ლიდერი
ფიქსირებული სიგრძის საკონტროლო ველი 01741nam a22002537a 4500
003 - საკონტროლო ნომრის იდენტიფიკატორი
საკონტროლო ველი Ge_BSU
005 - ბოლო ოპერაციის თარიღი და დრო
საკონტროლო ველი 20220614125743.0
008 - ფიქსირებული სიგრძის მონაცემთა ელემენტები - ზოგადი ინფორმაცია
ფიქსირებული სიგრძის საკონტროლო ველი 220614s2013 ge ||||| |||| 00| 0 geo d
020 ## - წიგნის საერთაშორისო სტანდარტული ნომერი
International Standard Book Number 9789941063008
041 ## - ენის კოდი
Language code of text/sound track or separate title geo
080 ## - უნივერსალური ათობითი კლასიფიკაციის ინდექსი
Universal Decimal Classification number 330 +321.7 ე-49
245 ## - ცნობა სათაურის შესახებ
Title ეკონომიკა და სოციალური დემოკრატია /
Statement of responsibility, etc სიმონ ფაუტი და სხვ. ; [სარედ. ჯგუფი: ია თიკანაძე, თამარ ბერიძე, ნანული ჭყოიძე [და სხვ.]].
264 ## - წარმოების, გამოცემის, დისტრიბუციის და სხვა ცნობები
გამოცემის, წარმოების, დისტრიბუციის... ადგილი თბილისი :
გამოცემის, წარმოების, დისტრიბუციის... სახელწოდება ფრიდრიხ ებერტის ფონდი,
გამოცემის, წარმოების, დისტრიბუციის... თარიღი 2013.
300 ## - ფიზიკური აღწერა
Extent 160 გვ. :
Other physical details ილ. ;
Dimensions 22 სმ.
490 ## - სერიის ცნობა
Series statement სოციალური დემოკრატიის კურსი ;
Volume number/sequential designation 2
504 ## - BIBLIOGRAPHY, ETC. NOTE
Bibliography, etc ბიბლიოგრ.: გვ. 155-157.
653 ## - INDEX TERM--UNCONTROLLED
Uncontrolled term სოციალური დემოკრატია.
700 ## - ADDED ENTRY--PERSONAL NAME
Personal name ფაუტი, სიმონ
Relator term ავტორი
9 (RLIN) 14076
700 ## - ADDED ENTRY--PERSONAL NAME
Personal name დამი, იოჰენ
Relator term ავტორი
9 (RLIN) 14077
700 ## - ADDED ENTRY--PERSONAL NAME
Personal name დაუდერშტედტი, მიჰაელ და სხვ.
Relator term ავტორი
9 (RLIN) 14078
700 ## - ADDED ENTRY--PERSONAL NAME
Personal name ერქომაიშვილი, გულნაზ
Relator term რედაქტორი
9 (RLIN) 2815
856 ## - ELECTRONIC LOCATION AND ACCESS
Uniform Resource Identifier http://progressive.ge/uploads/files/%E1%83%94%E1%83%99%E1%83%9D%E1%83%9C%E1%83%9D%E1%83%9B%E1%83%98%E1%83%99%E1%83%90%20%E1%83%93%E1%83%90%20%E1%83%A1%E1%83%9D%E1%83%AA%E1%83%98%E1%83%90%E1%83%9A%E1%83%A3%E1%83%A0%E1%83%98%20%E1%83%93%E1%83%94%E1%83%9B%E1%83%9D%E1%83%99%E1%83%A0%E1%83%90%E1%83%A2%E1%83%98%E1%83%90.pdf
Link text ელ. ვერსია pdf
942 ## - ADDED ENTRY ELEMENTS (KOHA)
Source of classification or shelving scheme
Koha item type წიგნი
ეგზემპლარები
ჩამოწერის სტატუსი დაკარგული ეგზემპლარის სტატუსი კლასიფიკაციის წყარო ან თაროზე გაწყობის სქემა დაზიანების სტატუსი არ გაიცემა მუდმივი მდებარეობა (დაცვის ადგილი) ამჟამინდელი ადგილსამყოფელი თაროზე განთავსების ადგილი შეძენის თარიღი ღირებულება, შესყიდვის ნორმალური ფასი სრული შენახვის შიფრი შტრიხკოდი ბოლო ოპერაციის თარიღი ეგზემპლარის მიმდევრობითი ნომერი (კეტერი?) ფასის ძალაში შესვლის თარიღი ეგზემპლარის სახეობა საჯარო შენიშვნა
          ბათუმის შოთა რუსთაველის სახელმწიფო უნივერსიტეტის მთავარი ბიბლიოთეკა ბათუმის შოთა რუსთაველის სახელმწიფო უნივერსიტეტის მთავარი ბიბლიოთეკა წიგნსაცავი 2022-06-14 12.00 330 +321.7 ე-49 62657 2022-06-14 62657 2022-06-14 წიგნი 12